Girls Like - Tinie Tempah Feat. Zara Larsson - All Lyrics - Statistics

General Stats
  • This quiz has been taken 13 times
  • The average score is 500 of 675
Answer Stats
Answer % Correct
a
100%
go
100%
Go
100%
go,
100%
good
100%
(Good
100%
I
100%
know
100%
like?)
100%
like...
100%
like
100%
like)
100%
like,
100%
the
100%
thing
100%
thing)
100%
TT
100%
(What
100%
what
100%
when
100%
get
92%
(G-G-Girls
92%
girls
92%
(Girls
92%
me
92%
me,
92%
that
92%
they
92%
They
92%
wanna
92%
want
92%
was
92%
All
83%
(All
83%
do
83%
ever
83%
J.K.
83%
low,
83%
low
83%
So
83%
That’s
83%
that's
83%
Yeah,
83%
yeah
83%
boys
75%
(Boys
75%
can
75%
No
75%
no
75%
plan
75%
roll
75%
rollin'
75%
Said
75%
said
75%
sho,
75%
some
75%
Tell
75%
tell
75%
an
67%
and
67%
And
67%
be
67%
Every
67%
everybody
67%
it
67%
man
67%
Man
67%
need
67%
needed
67%
right
67%
still
67%
to
67%
weekend
67%
weekend,
67%
yo,
67%
you
67%
you,
67%
'cause
58%
‘Cause
58%
couple
58%
don't
58%
Don't
58%
how
58%
I'm
58%
in
58%
my
58%
Now
58%
on
58%
solo
58%
ahead
50%
brand
50%
bust
50%
can't
50%
for
50%
friend
50%
gang
50%
goes
50%
got
50%
hits
50%
last
50%
loco
50%
Might
50%
Moloko
50%
money
50%
Netflix
50%
out
50%
Out",
50%
Polo
50%
polo
50%
prove
50%
Russell
50%
take
50%
West
50%
Wi-Fi
50%
with
50%
your
50%
again?
42%
allowed
42%
are
42%
at
42%
chill,
42%
diggy-doubt
42%
'em
42%
flight
42%
Had
42%
honey
42%
make
42%
messing
42%
of
42%
only
42%
Rolo
42%
she
42%
skank
42%
Them
42%
them
42%
up
42%
were
42%
winners
42%
year,
42%
Ain't
33%
ain't
33%
around
33%
Benz
33%
Better
33%
BRITs
33%
day
33%
dead
33%
diggidy,
33%
dropping
33%
End
33%
fleeky
33%
give
33%
have
33%
mandem
33%
MOBOs
33%
nobody
33%
not
33%
off
33%
photo
33%
pick
33%
solos
33%
south
33%
ten
33%
wrist,
33%
away
25%
back
25%
back,
25%
before
25%
blow
25%
Cannes
25%
coco
25%
code
25%
could
25%
cruisin'
25%
eight
25%
friends
25%
getting
25%
gonna
25%
her
25%
or
25%
putting
25%
rent
25%
stay
25%
Volvo
25%
What's
25%
blowed
17%
Dropped
17%
everywhere
17%
guy
17%
made
17%
Merc,
17%
nine,
17%
"Pass
17%
people
17%
ride
17%
Roley
17%
Told
17%
who's
17%
black
8%
Heard
8%
sing
8%
Used
8%
Nokia
0%
Since
0%
Sirocco
0%
No matching quizzes found
Score Distribution
Percent of People with Each Score
Percentile by Number Answered
Your Score History
You have not taken this quiz